Fabien TARRIT, Le Marxisme analytique. Une introduction critique, Paris, Syllepse, 2014, 142 pages (notice n° 2210712)

détails MARC
000 -LEADER
fixed length control field 01952cam a2200157 4500500
005 - DATE AND TIME OF LATEST TRANSACTION
control field 20260412000643.0
041 ## - LANGUAGE CODE
Language code of text/sound track or separate title fre
042 ## - AUTHENTICATION CODE
Authentication code dc
100 10 - MAIN ENTRY--PERSONAL NAME
Personal name Tinel, Bruno
Relator term author
245 00 - TITLE STATEMENT
Title Fabien TARRIT, Le Marxisme analytique. Une introduction critique, Paris, Syllepse, 2014, 142 pages
260 ## - PUBLICATION, DISTRIBUTION, ETC.
Date of publication, distribution, etc. 2015.<br/>
500 ## - GENERAL NOTE
General note 74
520 ## - SUMMARY, ETC.
Summary, etc. The Economy and Politics of the Theses of Thomas Piketty. II – An Alternative Reading of the History of Capitalism The main purpose of this second article devoted to T. Piketty’s Capital in the Twenty-First Century (the first was published in the previous issue of Actuel Marx) is to introduce our alternative reading of history. The tendencies manifest during the last decades of the 20th century and the early 21st century are not, it is argued, the replication of the tendencies which prevailed prior to World War I. The starting-point for our analysis is the beginning of the 20th century, a moment characterized by the dynamics of a “managerial capitalism” built around the “tripolar” class pattern of capitalists, managers, and popular classes. The main quantitative manifestation of these trends was the steady rise in the share accounted for by wages (compared to capital income) in the income of upper classes (notably the top 1 percent). In place of Piketty’s impact of shocks, we focus on the chain of successive configurations of class domination and alliances, in a succession of “social orders” marking the historical advance of managerial capitalism : the first financial hegemony, in the years leading up to the Great Depression ; the postwar social-democratic compromise ; and its successor, neoliberalism, involving a new alliance to the right, between the managerial and popular classes.
786 0# - DATA SOURCE ENTRY
Note Actuel Marx | 57 | 1 | 2015-04-16 | p. 205c-211c | 0994-4524
856 41 - ELECTRONIC LOCATION AND ACCESS
Uniform Resource Identifier <a href="https://shs.cairn.info/revue-actuel-marx-2015-1-page-205c?lang=fr&redirect-ssocas=7080">https://shs.cairn.info/revue-actuel-marx-2015-1-page-205c?lang=fr&redirect-ssocas=7080</a>

Pas d'exemplaire disponible.

PLUDOC

PLUDOC est la plateforme unique et centralisée de gestion des bibliothèques physiques et numériques de Guinée administré par le CEDUST. Elle est la plus grande base de données de ressources documentaires pour les Étudiants, Enseignants chercheurs et Chercheurs de Guinée.

Adresse

627 919 101/664 919 101

25 boulevard du commerce
Kaloum, Conakry, Guinée

Réseaux sociaux

Powered by Netsen Group @ 2025